000 00276nam a22001337a 4500
008 170331b xxu||||| |||| 00| 0 eng d
020 _a039750604X
041 _aeng
080 _a617
100 _a8
101 _aSHM
245 _aORTHOPAEDICS
_cTUREK, S.L
942 _2udc
_cBK
999 _c9295
_d9295